| 000 | 00390 a2200121 4500 | ||
|---|---|---|---|
| 020 | _a812041344X | ||
| 082 | _a624.15132 SHA | ||
| 100 | _aSharma, V. M. | ||
| 245 |
_aDistinct Element Modelling in Geomechanics/ _cEditors V. M. Sharma, K. R. Saxena, R. D. Woods |
||
| 260 |
_aNew Delhi : _bOxford and IBH Publishing, _c1999 |
||
| 300 |
_axi, 222p. : _bill. ; _c23 cm |
||
| 650 | _aElement Modelling | ||
| 650 | _aGeomechanics | ||
| 999 |
_c1030 _d1030 |
||